[Event "Challenge"]
[Site "http://www.queenalice.com/game.php?id=1019282"]
[Date "2012.1.29"]
[Round "-"]
[White "nemesiswt"]
[Black "carloscolangelo"]
[Result "1-0"]
[WhiteElo "1746"]
[BlackElo "1497"]

1. d4 d5 2. c4 Nf6 3. c5 c6 4. Nc3 Bf5 5. Nf3 Na6 6. a3 b6 7. cxb6 axb6 8. Bg5
h6 9. Bxf6 exf6 10. e3 Bd6 11. Bxa6 Rxa6 12. Qe2 b5 13. O-O b4 14. Qxa6 bxc3 15.
Qxc6+ Qd7 16. Qxc3 g5 17. a4 g4 18. Nd2 O-O 19. Rfc1 Rb8 20. a5 Bb4 21. Qc7 Bxd2
22. Qxb8+ Kg7 23. Rc7 Qd6 24. Rxf7+ Kxf7 25. Qxd6 h5 26. Qxd5+ Kg6 27. a6 h4 28.
g3 hxg3 29. hxg3 Bd3 30. a7 f5 31. a8=Q Bc3 32. bxc3 Be4 33. Ra6+ Kg5 34. Qdg8+
Kh5 35. Qae8# 1-0

[Event "Challenge"]
[Site "http://www.queenalice.com/game.php?id=1019284"]
[Date "2012.1.29"]
[Round "-"]
[White "carloscolangelo"]
[Black "nemesiswt"]
[Result "0-1"]
[WhiteElo "1491"]
[BlackElo "1735"]

1. e4 e5 2. Nf3 Nc6 3. Bc4 h6 4. a3 Nf6 5. Nc3 Bc5 6. b4 Bd4 7. Nb5 Bxa1 8. d3
Bd4 9. Nbxd4 Nxd4 10. Nxd4 exd4 11. Bb2 c5 12. bxc5 Qa5+ 13. c3 dxc3 14. Bxc3
Qxc3+ 15. Ke2 Qxa3 16. e5 Ng4 17. h3 Nxe5 18. Bd5 O-O 19. d4 Nc6 20. Re1 Re8+
21. Kf1 Rxe1+ 22. Qxe1 Qd3+ 23. Kg1 Kf8 24. f3 Qxd4+ 25. Kf1 Qxd5 26. g4 Qxf3+
27. Kg1 Qxh3 28. Qe2 Qg3+ 29. Kf1 Nd4 30. Qe4 Nf3 31. Qh7 Qxg4 32. Qh8+ Ke7 33.
Kf2 Ne5 34. Ke3 Qe6 35. Qxg7 Ng6+ 36. Kd3 Qd5+ 37. Ke2 Qxc5 38. Qxh6 Qc2+ 39.
Kf3 Ne5+ 40. Kg3 Qc3+ 41. Kf2 Qf3+ 42. Ke1 d6 43. Qg5+ Qf6 44. Qe3 Qh4+ 45. Kd1
Bg4+ 46. Kc2 Rc8+ 47. Kb2 Qh2+ 48. Kb1 Qc2+ 49. Ka1 Be6 50. Qxa7 Qc1# 0-1

[Event "Challenge"]
[Site "http://www.queenalice.com/game.php?id=1033746"]
[Date "2012.2.27"]
[Round "-"]
[White "flmendel"]
[Black "nemesiswt"]
[Result "0-1"]
[WhiteElo "1305"]
[BlackElo "1741"]

1. e4 e5 2. d3 Nf6 3. Be3 Be7 4. g4 d6 5. g5 Nfd7 6. Qh5 g6 7. Qh6 Bf8 8. Qh4 h6
9. Nh3 Bg7 10. f4 hxg5 11. Qg4 Nc5 12. Qe2 Bxh3 13. Bxh3 gxf4 14. Bxc5 Rxh3 15.
Qg2 Rh8 16. Bf2 Nc6 17. Nc3 Qd7 18. Nd5 O-O-O 19. a4 Nd4 20. Kd1 c6 21. Nb4 a5
22. Na2 f3 23. Qg5 Bh6 24. Qg1 Bf4 25. Bxd4 exd4 26. Qxd4 Bxh2 27. Kd2 Bf4+ 28.
Kc3 Be5 29. Rxh8 Rxh8 30. Qxe5 dxe5 31. Rg1 Qd4+ 32. Kd2 Rh2+ 0-1

[Event "Challenge"]
[Site "http://www.queenalice.com/game.php?id=1036408"]
[Date "2012.3.5"]
[Round "-"]
[White "marcelohr"]
[Black "nemesiswt"]
[Result "1-0"]
[WhiteElo "1499"]
[BlackElo "1752"]

1. d4 d5 2. e4 dxe4 3. Nc3 f5 4. f3 exf3 5. Qxf3 e6 6. Bc4 c6 7. Be3 g6 8. b3
Bb4 9. Ne2 Nf6 10. Bg5 Bxc3+ 11. Kd1 Bxa1 12. Kc1 Bxd4 13. Rd1 Bb2+ 14. Kxb2
Qxd1 15. Bxf6 Rf8 16. Be5 Qd8 17. Qh3 h5 18. Nf4 Kf7 19. Qg3 Rg8 20. Qf3 b5 21.
Bd3 Bb7 22. Nxh5 Qh4 23. Nf4 Qxh2 24. g4 g5 25. gxf5 exf5 26. Ng6 Qh7 27. Qxf5+
Ke8 28. Qe6+ Kd8 29. Bf6+ Kc7 30. Ne5 Qh1 31. Qe7+ Kb6 32. Nc4+ bxc4 33. Bd4+ c5
34. Qxc5+ Ka6 35. Bxc4# 1-0

[Event "Challenge"]
[Site "http://www.queenalice.com/game.php?id=1036409"]
[Date "2012.3.5"]
[Round "-"]
[White "nemesiswt"]
[Black "marcelohr"]
[Result "1-0"]
[WhiteElo "1726"]
[BlackElo "1552"]

1. d4 d5 2. c4 c6 3. e3 Be6 4. c5 Nf6 5. Bd3 g6 6. Nf3 Nbd7 7. Qb3 Bh6 8. Qxb7
Qc8 9. Qxc8+ Rxc8 10. Ba6 Rb8 11. b3 O-O 12. O-O Bg4 13. Nbd2 Ne4 14. Be2 f5 15.
h3 Bxf3 16. Bxf3 e5 17. Bxe4 dxe4 18. dxe5 Nxe5 19. Bb2 Nd3 20. Bd4 Bg7 21. Rab1
Bxd4 22. exd4 Rfd8 23. a3 Rxd4 24. b4 Nxc5 25. bxc5 Rxb1 26. Nxb1 Rc4 27. Rd1
Rxc5 28. Rd7 Rc1+ 29. Kh2 Rxb1 30. Rxa7 Rf1 31. Rc7 Rxf2 32. Rxc6 e3 33. Kg1 Kg7
34. Rc1 f4 35. Rf1 e2 36. Kxf2 exf1=Q+ 37. Kxf1 Kf6 38. Kf2 Ke6 39. Kf3 Kd5 40.
Kxf4 Kc4 41. Kg5 Kb3 42. Kh6 Kxa3 43. Kxh7 Kb4 44. Kxg6 Kc5 45. g4 Kd5 46. Kf6
1-0

[Event "Challenge"]
[Site "http://www.queenalice.com/game.php?id=1039781"]
[Date "2012.3.16"]
[Round "-"]
[White "carloscolangelo"]
[Black "nemesiswt"]
[Result "1-0"]
[WhiteElo "1495"]
[BlackElo "1743"]

1. e4 e5 2. Nf3 Nc6 3. Bc4 h6 4. Nc3 Nf6 5. a3 d6 6. b4 Bg4 7. h3 Bxf3 8. Qxf3
Nd4 9. Qd3 c6 10. a4 Nxe4 11. Nxe4 d5 12. Bb3 dxe4 13. Qxe4 Bxb4 14. c3 Nxb3 15.
Rb1 Nxd2 16. Bxd2 Bxc3 17. Bxc3 O-O 18. Bxe5 Re8 19. O-O Qg5 20. h4 Qxe5 21. Qf3
Rab8 22. Rb3 Qd4 23. Qf5 Qxa4 24. Rf3 f6 25. Qg6 Qxh4 26. Rg3 Re7 27. f3 Qd4+
28. Rf2 Re1+ 29. Kh2 Qh4+ 30. Rh3 Qxf2 31. Rxh6 Qg1+ 32. Kg3 Qe3 33. Qh7+ Kf7
34. Qg6+ Kg8 35. Qh7+ Kf7 36. Qg6+ Ke7 37. Qxg7+ Kd6 38. Qxf6+ Kd5 39. Qd6+ Kc4
40. Rh4+ Kc3 41. Qb4+ Kd3 42. Qc4+ Kd2 43. Rd4+ Qd3 44. Qxd3+ Kc1 45. Qd2+ Kb1
46. Rb4+ Ka1 47. Qb2# 1-0

[Event "Challenge"]
[Site "http://www.queenalice.com/game.php?id=1039782"]
[Date "2012.3.16"]
[Round "-"]
[White "marcelohr"]
[Black "nemesiswt"]
[Result "0-1"]
[WhiteElo "1573"]
[BlackElo "1717"]

1. d4 d5 2. e4 e6 3. exd5 exd5 4. Nf3 Qe7+ 5. Be2 Nc6 6. O-O Be6 7. Bb5 Qd6 8.
Nc3 a6 9. Bxc6+ Qxc6 10. Ne5 Qd6 11. Bf4 Qd8 12. Re1 Bb4 13. Qf3 c6 14. a3 Bxc3
15. Nxf7 Qd7 16. Nd6+ Kd8 17. bxc3 Ne7 18. Rxe6 Qxe6 19. Nf7+ Kd7 20. Nxh8 Rxh8
21. Kf1 Ng6 22. Re1 Qf5 23. Be5 Qxf3 24. gxf3 Nxe5 25. dxe5 Ke6 26. Kg2 Rf8 27.
Kg3 Rf5 28. f4 g5 29. fxg5 Rxg5+ 30. Kf4 Rf5+ 31. Kg3 Rxe5 32. Rxe5+ Kxe5 33.
Kg4 Kf6 34. Kh5 c5 35. Kh6 d4 36. cxd4 cxd4 37. h4 Kf7 38. Kxh7 b5 39. f4 a5 40.
Kh6 Kf6 41. Kh7 Kf7 42. Kh6 Kf6 43. Kh7 b4 44. axb4 axb4 45. h5 Kf7 46. Kh6 Kf6
47. Kh7 d3 48. cxd3 b3 49. d4 b2 50. f5 b1=Q 51. d5 Qxf5+ 0-1

[Event "Challenge"]
[Site "http://www.queenalice.com/game.php?id=1041741"]
[Date "2012.3.22"]
[Round "-"]
[White "nemesiswt"]
[Black "flmendel"]
[Result "1/2-1/2"]
[WhiteElo "1730"]
[BlackElo "1447"]

1. d4 d5 2. c4 Nf6 3. c5 e6 4. Bg5 c6 5. Bxf6 gxf6 6. Nc3 Bh6 7. e3 e5 8. Qe2
Rg8 9. Qh5 Rg6 10. Bd3 Bg4 11. Qh4 f5 12. Qxd8+ Kxd8 13. h3 e4 14. hxg4 exd3 15.
gxf5 Rf6 16. g4 Na6 17. a3 Kc7 18. b4 b5 19. Nf3 Rg8 20. Rg1 Nb8 21. O-O-O a6
22. g5 Rxf5 23. gxh6 Rxg1 24. Nxg1 Rxf2 25. Nge2 dxe2 26. Re1 Rf1 27. Kd2 Nd7
28. Rxe2 Nf6 29. Re1 Rxe1 30. Kxe1 Ng4 31. a4 Nxe3 32. Kd2 Nc4+ 33. Ke2 Nb2 34.
a5 Kd7 35. Kf3 Ke6 36. Kg4 f5+ 37. Kf4 Kf6 38. Kf3 Kg5 39. Nxb5 Nd3 40. Nd6 Nxb4
41. Nf7+ Kf6 42. Ne5 Kg5 43. Nf7+ Kg6 44. Ne5+ Kxh6 45. Kf4 Nc2 46. Nxc6 Kg6 47.
Ne7+ Kf6 48. Nxd5+ Kg6 49. c6 Nxd4 50. Nb4 Ne6+ 51. Ke5 Nc7 52. Nd5 Nb5 53. Ne7+
Kg5 54. Nxf5 h5 55. Ke4 h4 56. Nxh4 Kxh4 57. Kd5 Kg4 58. Kc5 Nc7 59. Kb6 Ne8 60.
Kxa6 Kf5 61. Kb6 Ke6 62. c7 Kd7 63. Kb7 Nxc7 64. a6 Nxa6 65. Kxa6 Kc6 66. Ka5
Kc5 67. Ka4 1/2-1/2

[Event "Challenge"]
[Site "http://www.queenalice.com/game.php?id=1045487"]
[Date "2012.4.3"]
[Round "-"]
[White "carloscolangelo"]
[Black "nemesiswt"]
[Result "1-0"]
[WhiteElo "1532"]
[BlackElo "1727"]

1. e4 e5 2. Nf3 Nc6 3. Bc4 h6 4. a3 Nf6 5. Nc3 Bc5 6. h3 Bd4 7. Nd5 Nxe4 8. O-O
d6 9. c3 Bxf2+ 10. Rxf2 Nxf2 11. Kxf2 e4 12. Nh2 Qh4+ 13. Kg1 Qg3 14. Qe2 Bxh3
15. Qxe4+ Kd7 16. b4 Rae8 17. Qf3 Re1+ 18. Nf1 Qxf3 19. gxf3 Rxf1+ 20. Bxf1 Bxf1
21. Kxf1 Re8 22. Bb2 g5 23. c4 Ne5 24. Nf6+ Ke7 25. Nxe8 Kxe8 26. Bxe5 dxe5 27.
Re1 f6 28. d4 Kf7 29. dxe5 fxe5 30. Rxe5 Kf6 31. Re8 Kf7 32. Rh8 Kg7 33. Rc8 c6
34. Rc7+ Kg6 35. Rxb7 h5 36. Rxa7 h4 37. Ra6 h3 38. Rxc6+ Kh5 39. Rc8 Kh4 40.
Rh8+ Kg3 41. Kg1 h2+ 42. Rxh2 Kxf3 43. c5 1-0

[Event "Challenge"]
[Site "http://www.queenalice.com/game.php?id=1045601"]
[Date "2012.4.3"]
[Round "-"]
[White "nemesiswt"]
[Black "marcelohr"]
[Result "1-0"]
[WhiteElo "1703"]
[BlackElo "1542"]

1. d4 d5 2. Nf3 Nf6 3. Bg5 e6 4. e3 h6 5. Bxf6 Qxf6 6. Bd3 Nc6 7. a3 e5 8. Nxe5
Nxe5 9. dxe5 Qxe5 10. c3 Bd7 11. Qf3 h5 12. h4 Bg4 13. Qf4 Qxf4 14. exf4 O-O-O
15. g3 Re8+ 16. Kd2 Bc5 17. Rh2 f6 18. b4 Bb6 19. a4 a5 20. bxa5 Bxa5 21. Na3
Rd8 22. Kc2 d4 23. c4 g5 24. fxg5 fxg5 25. Rf1 gxh4 26. Rxh4 c5 27. f3 Rhf8 28.
fxg4 Rxf1 29. Bxf1 hxg4 30. Kd3 Bc3 31. Rxg4 b6 32. Bh3 Kb7 33. Nb5 Be1 34. Rg7+
Ka6 35. Ra7# 1-0

[Event "Challenge"]
[Site "http://www.queenalice.com/game.php?id=1048689"]
[Date "2012.4.13"]
[Round "-"]
[White "carloscolangelo"]
[Black "nemesiswt"]
[Result "0-1"]
[WhiteElo "1538"]
[BlackElo "1713"]

1. e4 e5 2. Nf3 Nc6 3. Bc4 h6 4. Na3 Nf6 5. d3 d6 6. Bd2 Bg4 7. h3 Bxf3 8. Qxf3
Nd4 9. Qd1 Be7 10. c3 Nc6 11. Bd5 O-O 12. O-O Na5 13. b4 c6 14. Bb3 Nxb3 15.
Qxb3 d5 16. c4 dxe4 17. dxe4 Qxd2 18. Rad1 Qg5 19. b5 Bxa3 20. Qxa3 Nxe4 21.
Rfe1 Qf5 22. Rf1 cxb5 23. cxb5 Rfc8 24. Rd7 Qxd7 25. Re1 Qd4 26. Qb3 Qxf2+ 27.
Kh2 Qxe1 28. Qd5 Qg3+ 29. Kg1 Rc1+ 0-1

[Event "Challenge"]
[Site "http://www.queenalice.com/game.php?id=1048690"]
[Date "2012.4.13"]
[Round "-"]
[White "nemesiswt"]
[Black "carloscolangelo"]
[Result "1-0"]
[WhiteElo "1722"]
[BlackElo "1529"]

1. d4 d5 2. c4 e6 3. cxd5 exd5 4. Nf3 Nc6 5. e3 Bf5 6. a3 Be7 7. Bb5 Bd7 8. Bxc6
Bxc6 9. O-O Nf6 10. h3 O-O 11. Qc2 Qd6 12. Ne5 Ne4 13. Nc3 Nxc3 14. bxc3 Bf6 15.
f4 b6 16. a4 b5 17. a5 b4 18. cxb4 Qxb4 19. Qxc6 Qb3 20. Bd2 Qb2 21. Rfd1 Rac8
22. Rab1 Qa3 23. Kh1 Rfd8 24. Rb7 Rd6 25. Qc2 g6 26. Bb4 Qxe3 27. Bxd6 cxd6 28.
Qxc8+ Kg7 29. Rxf7+ Kh6 30. Ng4+ Kh5 31. Rxh7# 1-0

[Event "Challenge"]
[Site "http://www.queenalice.com/game.php?id=1054705"]
[Date "2012.5.1"]
[Round "-"]
[White "carloscolangelo"]
[Black "nemesiswt"]
[Result "1-0"]
[WhiteElo "1520"]
[BlackElo "1719"]

1. e4 e5 2. Nf3 Nc6 3. Bc4 h6 4. h3 d6 5. Nc3 Nf6 6. O-O Nxe4 7. Nxe4 d5 8. Bxd5
Qxd5 9. Nc3 Qd8 10. d3 Bb4 11. Bd2 Bxc3 12. Bxc3 f6 13. d4 e4 14. d5 Ne7 15. Nh4
O-O 16. Re1 g5 17. Qd4 gxh4 18. Qxe4 Ng6 19. Qxg6+ Kh8 20. Qxh6+ Kg8 21. Qxh4
Rf7 22. Re3 Rh7 23. Rg3+ Rg7 24. Bxf6 Bf5 25. Rxg7+ 1-0

[Event "Challenge"]
[Site "http://www.queenalice.com/game.php?id=1054706"]
[Date "2012.5.1"]
[Round "-"]
[White "marcelohr"]
[Black "nemesiswt"]
[Result "0-1"]
[WhiteElo "1557"]
[BlackElo "1695"]

1. d4 d5 2. c4 c6 3. Nf3 Nf6 4. cxd5 cxd5 5. Nc3 e6 6. Bf4 Bd6 7. Bg5 h6 8. Bxf6
Qxf6 9. e3 a6 10. a4 Bb4 11. Ne5 Bxc3+ 12. bxc3 Nc6 13. Nxc6 bxc6 14. c4 O-O 15.
Rb1 Bd7 16. Bd3 Rfb8 17. O-O g6 18. a5 Kg7 19. Qa4 Qe7 20. Rxb8 Rxb8 21. c5 Ra8
22. Rb1 Ra7 23. Rb6 e5 24. dxe5 Qxe5 25. Bxa6 Be6 26. Rxc6 Bd7 27. Bb5 Bxc6 28.
Bxc6 Rc7 29. a6 Rxc6 30. Qxc6 Qa1# 0-1

[Event "Challenge"]
[Site "http://www.queenalice.com/game.php?id=1058425"]
[Date "2012.5.11"]
[Round "-"]
[White "carloscolangelo"]
[Black "nemesiswt"]
[Result "0-1"]
[WhiteElo "1517"]
[BlackElo "1715"]

1. e4 e5 2. Nf3 Nc6 3. Bc4 h6 4. O-O Nf6 5. Nc3 Bb4 6. d3 Bxc3 7. bxc3 d5 8.
Bxd5 Nxd5 9. c4 Nf6 10. c3 Bg4 11. h3 Bxf3 12. Qxf3 Qd7 13. Qg3 g6 14. Qh4 g5
15. Qg3 O-O-O 16. Qf3 Qd6 17. a4 a6 18. Ba3 Qe6 19. Qe2 Rd7 20. Qb2 Rxd3 21.
Rab1 b6 22. c5 Nd7 23. cxb6 Nxb6 24. Bc5 Nxa4 25. Qb7+ Kd7 26. Bb6 Qd6 27. Qxa6
Nxb6 28. Qa1 Ra8 29. Qb2 Rd2 30. Qb3 Ke7 31. c4 Ra3 32. Qb5 Nd4 33. c5 Nxb5 34.
cxd6+ Nxd6 35. Rbc1 Kd8 36. Rc6 f6 37. Rfc1 Ra7 38. Kf1 Nxe4 39. Ke1 Rxf2 40.
Rd1+ Nd7 41. g4 Raa2 42. Rdc1 Rfe2+ 43. Kf1 Ng3+ 44. Kg1 Rg2# 0-1

[Event "Challenge"]
[Site "http://www.queenalice.com/game.php?id=1060917"]
[Date "2012.5.18"]
[Round "-"]
[White "nemesiswt"]
[Black "marcelohr"]
[Result "1-0"]
[WhiteElo "1705"]
[BlackElo "1560"]

1. d4 d5 2. Nc3 c6 3. Nf3 Nf6 4. Bg5 Bg4 5. Bxf6 Bxf3 6. Bxe7 Qxe7 7. gxf3 Qd8
8. Qd3 c5 9. e3 Nc6 10. a3 Qb6 11. b3 O-O-O 12. Qf5+ Rd7 13. Nxd5 Qa5+ 14. Kd1
cxd4 15. e4 Kd8 16. Bh3 Rd6 17. Qc8# 1-0

[Event "Challenge"]
[Site "http://www.queenalice.com/game.php?id=1063507"]
[Date "2012.5.24"]
[Round "-"]
[White "nemesiswt"]
[Black "carloscolangelo"]
[Result "1-0"]
[WhiteElo "1723"]
[BlackElo "1491"]

1. d4 d5 2. c4 e6 3. cxd5 exd5 4. Nc3 Nf6 5. Bg5 c6 6. Nf3 Be7 7. Bxf6 Bxf6 8.
e3 O-O 9. Bd3 Bg4 10. Qc2 Bxf3 11. gxf3 Qe8 12. Qb3 Bxd4 13. Qxb7 Nd7 14. Kd2
Bxc3+ 15. bxc3 Nc5 16. Qb1 Nxd3 17. Qxd3 c5 18. Ke2 Rd8 19. Kf1 c4 20. Qd4 h6
21. Rg1 g6 22. Qxa7 Ra8 23. Qd4 Qb5 24. Kg2 Ra3 25. Rgb1 Qa5 26. Rd1 Rd8 27.
Rdc1 Rb8 28. Qf4 Kg7 29. Qxb8 Qa6 30. Qe5+ f6 31. Qxd5 Ra5 32. Qd7+ Kf8 33. Rab1
Qa8 34. Rb7 Qe8 35. Qg7# 1-0

[Event "Challenge"]
[Site "http://www.queenalice.com/game.php?id=1065820"]
[Date "2012.5.30"]
[Round "-"]
[White "carloscolangelo"]
[Black "nemesiswt"]
[Result "1-0"]
[WhiteElo "1484"]
[BlackElo "1730"]

1. e4 e5 2. Nf3 Nc6 3. Bc4 h6 4. h3 Nf6 5. O-O Nxe4 6. d3 Nf6 7. a3 d5 8. Bb5
Bd7 9. Bxc6 Bxc6 10. Nxe5 Bd6 11. Bf4 g5 12. Bg3 Qe7 13. Re1 O-O-O 14. Nxc6 Qd7
15. Nxd8 Kxd8 16. Bxd6 Qxd6 17. Qf3 c6 18. Nc3 d4 19. Na2 Rf8 20. c3 dxc3 21.
Nxc3 Rg8 22. Ne4 Nxe4 23. Rxe4 f6 24. Qg4 Qd5 25. Rd4 Qxd4 26. Qxd4+ Kc8 27. Re1
Rd8 28. Qxf6 Kc7 29. Re7+ Rd7 30. Qe5+ Kc8 31. Re8+ Rd8 32. Qe6+ Kc7 33. Qe7+
Rd7 34. Qe5+ Kb6 35. Qe6 Rxd3 36. Qxh6 g4 37. hxg4 1-0

[Event "Challenge"]
[Site "http://www.queenalice.com/game.php?id=1071976"]
[Date "2012.6.14"]
[Round "-"]
[White "carloscolangelo"]
[Black "nemesiswt"]
[Result "0-1"]
[WhiteElo "1482"]
[BlackElo "1704"]

1. e4 e5 2. Nf3 Nc6 3. Bc4 h6 4. h3 Nf6 5. c3 Nxe4 6. d3 Nf6 7. b4 d5 8. Bb3 b5
9. c4 Bxb4+ 10. Bd2 Bxd2+ 11. Qxd2 bxc4 12. dxc4 d4 13. O-O O-O 14. Ba4 Bd7 15.
Na3 a6 16. c5 Ne4 17. Qd3 Nxc5 18. Qb1 Nxa4 19. Nc4 Rb8 20. Qc2 Nb4 21. Qe4 Bb5
22. Nfxe5 Re8 23. Qf5 f6 24. Ng4 Bxc4 25. Rfd1 Rb5 26. Qg6 Kh8 27. Rac1 Bd3 28.
Rxd3 Nxd3 29. Qxd3 Nb2 30. Qc2 c5 31. a4 d3 32. Qc3 Rb8 33. Qxc5 d2 34. Ne3 Rc8
35. Qb4 Rxc1+ 36. Kh2 Qc7+ 37. g3 Qc3 38. Qb7 Rxe3 39. Qb8+ Re8 40. Qxe8+ Kh7
41. Qe4+ f5 42. Qxf5+ g6 43. Qf7+ Qg7 44. Qb3 d1=Q 45. Qxd1 Rxd1 46. f4 Rd2+ 0-1

[Event "Challenge"]
[Site "http://www.queenalice.com/game.php?id=1074008"]
[Date "2012.6.19"]
[Round "-"]
[White "carloscolangelo"]
[Black "nemesiswt"]
[Result "0-1"]
[WhiteElo "1475"]
[BlackElo "1711"]

1. e4 e5 2. Nf3 Nc6 3. Bc4 h6 4. h3 Nf6 5. O-O Nxe4 6. d3 Nf6 7. a3 d5 8. Bb3
Be6 9. Ba2 Bd6 10. b4 b5 11. Nc3 a6 12. Nd2 Qd7 13. a4 Bxb4 14. Bb2 d4 15. Nce4
Bxd2 16. Nxf6+ gxf6 17. Qxd2 Bxa2 18. Rxa2 Qd5 19. Raa1 Rg8 20. g3 b4 21. Qxh6
Ke7 22. Qh4 Rh8 23. Qg4 Rag8 24. Qe2 Rxh3 25. Qd2 Qh1# 0-1

[Event "Challenge"]
[Site "http://www.queenalice.com/game.php?id=1074837"]
[Date "2012.6.21"]
[Round "-"]
[White "carloscolangelo"]
[Black "nemesiswt"]
[Result "0-1"]
[WhiteElo "1468"]
[BlackElo "1718"]

1. e4 e5 2. Nf3 Nc6 3. Bc4 h6 4. a3 Nf6 5. Nc3 a6 6. b4 b5 7. Bd5 Bb7 8. Bxc6
Bxc6 9. O-O d6 10. d4 Nxe4 11. dxe5 Nxc3 12. Qd3 Na4 13. exd6 Bxd6 14. Re1+ Kf8
15. c4 Bxf3 16. Qxf3 bxc4 17. Bf4 Bxf4 18. Qxf4 c3 19. Red1 Qc8 20. Rac1 g6 21.
Rd3 Qf5 22. Qg3 Kg7 23. Rf3 Qg5 24. Qh3 Qxc1# 0-1

[Event "Challenge"]
[Site "http://www.queenalice.com/game.php?id=1076399"]
[Date "2012.6.26"]
[Round "-"]
[White "carloscolangelo"]
[Black "nemesiswt"]
[Result "0-1"]
[WhiteElo "1475"]
[BlackElo "1724"]

1. e4 e5 2. Nf3 f5 3. Nc3 Nf6 4. d3 Nc6 5. a3 fxe4 6. Nxe4 Nxe4 7. dxe4 d6 8. h3
a6 9. Bc4 h6 10. Nd2 g6 11. Qf3 Qe7 12. O-O Nd4 13. Qd3 Bd7 14. c3 Ne6 15. Bxe6
Qxe6 16. Nc4 Bb5 17. b3 O-O-O 18. a4 Bxc4 19. Qxc4 Qxc4 20. bxc4 Bg7 21. Ba3 b6
22. Bb4 a5 23. Ba3 Bf6 24. f4 Rhf8 25. fxe5 Bxe5 26. Bb2 g5 27. Rf3 c6 28. Raf1
Rxf3 29. Rxf3 Bf4 30. Ba3 d5 31. Be7 Rd7 32. Bf8 dxe4 33. Rf2 Be3 34. Bxh6 Rd1+
35. Kh2 Bxf2 36. Bxg5 e3 37. Bxe3 Bxe3 38. h4 Rc1 39. g4 Bf4+ 40. Kh3 Rxc3+ 41.
Kg2 Rg3+ 42. Kf2 Rxg4 0-1